Statistiques concernant Top des prénoms 1900-2021

Cliquez ici pour prendre le quiz!

Statistiques générales

  • Ce quiz a été pris 11 183 fois
    (8 068 depuis la dernière actualisation)
  • Le résultat moyen est 156 sur 244

Statistiques - réponses

AnnéePremière LettrePrénom% Correct
1900 | 1901 | 1902 | +55 othersJJean
94%
1900 | 1901 | 1902 | +55 othersMMarie
86%
1987JJulie
71%
1997 | 1998 | 1999 | +5 othersLLéa
62%
2021LLéo
60%
2019LLouis
60%
2005 | 2006 | 2007 | +8 othersEEmma
59%
1996 | 1997 | 1998 | +3 othersTThomas
55%
1989 | 1990 | 1991 | +3 othersKKévin
53%
2017 | 2018JJules
51%
1983 | 1984 | 1985 | +3 othersJJulien
44%
2002 | 2003 | 2008 | +6 othersLLucas
43%
1965 | 1966 | 1967 | +4 othersNNathalie
42%
1958 | 1959 | 1960 | +5 othersPPhilippe
42%
1967 | 1968 | 1969 | +3 othersCChristophe
41%
1980 | 1981 | 1982 | 1995NNicolas
41%
2014 | 2021JJade
40%
2015 | 2016LLouise
39%
2015 | 2016GGabriel
38%
1995 | 1996MManon
38%
2010NNathan
38%
1961 | 1962 | 1963 | 1964SSylvie
35%
1971 | 1974SStéphane
33%
1965TThierry
33%
1972 | 1973SSandrine
31%
2020LLucie
30%
2019CCamille
28%
1974 | 1975 | 1976 | 1977SStéphanie
27%
2004 | 2005 | 2006 | 2007EEnzo
26%
1975 | 1976 | 1977 | +2 othersSSébastien
26%
1992 | 1993 | 1994LLaura
25%
1960CCatherine
22%
1991MMarine
21%
1959BBrigitte
20%
1955MMartine
19%
1978 | 1979 | 1980 | 1981CCéline
17%
1982 | 1983 | 1984 | +2 othersAAurélie
16%
1988 | 1989 | 1990EElodie
15%

Distribution des résultats

Percentile par nombre de réponses

% des personnes avec chaque résultat

Votre développement - résultats

Vous n’avez pas pris ce quiz depuis la dernière actualisation